000 00647nam a22002057a 4500
005 20260114144723.0
010 _aENG-147458
020 _a9789361591785
_c895.00
035 _aEN-130990
037 _bDBAD
082 _a000
_25
100 _aKhattar, Dinesh
_986372
245 _aQuantitative Aptitude/
_cDinesh Khattar
250 _a5
260 _aUttar Pradesh
_bPearson india education service PVT LTD
_c2026
270 _bUttar Pradesh
_a1st Floor Berger Tower Plot No. C-001A/2 Sector 16B Noida
_e201301
300 _avpp.;
_c25cm(pb)
_bIndex
500 _afor Competitive Examinations
942 _2ddc
_cEN
_mKHA
_h000
999 _c214125
_d214125